00383 2200169 4500245002900000020002200029250001100051100001400062700001300076650001700089005001900106260003100125041001400156084001100170300002300181336000900204 aAlvaskacMatcharayhText a978-623-7439-70-7 aCet. 1 aMatcharay aHaykal B aNovel Remaja a20230511103734 aDepokbCoconut Booksc2021 aIndonesia a808.83 a396 hlm. :c19 cm. atext